| 000 | 00884nam a22002537a 4500 | ||
|---|---|---|---|
| 003 | OSt | ||
| 005 | 20260530115319.0 | ||
| 008 | 260508b1979 xxu||||| |||| 00| 0 eng d | ||
| 020 | _a0571114709 | ||
| 040 |
_aICI _bspa _cICI |
||
| 050 | 0 | 0 |
_aTS140.L63 _bA34 |
| 100 | 1 |
_aLoewy, Raymond, _d1893-1986. _eautor _934161 |
|
| 245 | 1 | 0 |
_aIndustrial design / _c Raymond Loewy. |
| 264 | 1 |
_aLondon : _b Faber and Faber, _c 1979. |
|
| 300 |
_a250 páginas : _bilustraciones (algunas a color) ; |
||
| 336 |
_2rdacontent _atexto |
||
| 337 |
_2rdamedia _asin medio |
||
| 338 |
_2rdacarrier _avolumen |
||
| 500 | _aObra autobiográfica que documenta la trayectoria y los proyectos de diseño del autor. | ||
| 600 | 1 | 4 |
_aLoewy, Raymond, _d1893-1986. _934161 |
| 650 | 4 |
_aDiseño industrial _xHistoria. _z Estados Unidos _934162 |
|
| 650 | 4 |
_aDiseño industrial _ySiglo XX. |
|
| 942 |
_2lcc _n1 _cBK |
||
| 999 |
_c13708 _d13708 |
||